All Queens of the Stone Age Songs by Album - Statistics

General Stats
  • This quiz has been taken 104 times
    93 since last reset
  • The average score is 60 of 95
Answer Stats
Album Song % Correct
Songs For The Deaf Song For The Dead
98%
Songs For The Deaf Song For The Deaf
98%
Songs For The Deaf No One Knows
96%
Songs For The Deaf Go With The Flow
90%
Lullabies To Paralyze Little Sister
88%
Songs For The Deaf You Think I Ain't Worth A Dollar, But I Feel Like A Millionaire
86%
...Like Clockwork ...Like Clockwork
84%
Self-Titled Mexicola
84%
Songs For The Deaf Mosquito Song
84%
Rated R Feel Good Hit Of The Summer
82%
Songs For The Deaf God Is In The Radio
80%
In Times New Roman... Paper Machete
80%
Songs For The Deaf Do It Again
78%
Villains Villains Of Circumstance
78%
Songs For The Deaf Another Love Song
76%
Era Vulgaris Make It Wit Chu
76%
Songs For The Deaf Six Shooter
76%
Era Vulgaris 3's & 7's
74%
Rated R Auto Pilot
74%
Villains Domesticated Animals
74%
Songs For The Deaf Hanging Tree
74%
...Like Clockwork I Appear Missing
74%
...Like Clockwork I Sat by the Ocean
74%
Rated R I Think I Lost My Headache
74%
...Like Clockwork Kalopsia
74%
Self-Titled Regular John
74%
Self-Titled Avon
72%
Songs For The Deaf The Sky Is Fallin'
72%
...Like Clockwork If I Had a Tail
70%
Rated R The Lost Art Of Keeping A Secret
70%
Songs For The Deaf The Real Song For The Deaf
70%
Era Vulgaris Turning On The Screw
70%
In Times New Roman... Obscenery
68%
...Like Clockwork Smooth Sailing
68%
In Times New Roman... Emotion Sickness
66%
Self-Titled If Only
66%
Rated R In The Fade
66%
Lullabies To Paralyze Medication
66%
...Like Clockwork My God Is the Sun
66%
In Times New Roman... Sicily
66%
Era Vulgaris Sick, Sick, Sick
66%
...Like Clockwork The Vampyre of Time and Memory
66%
Self-Titled You Can't Quit Me Baby
66%
Songs For The Deaf First It Giveth
64%
Lullabies To Paralyze In My Head
64%
...Like Clockwork Keep Your Eyes Peeled
64%
Rated R Leg Of Lamb
64%
Villains The Way You Used To Do
64%
Lullabies To Paralyze This Lullaby
64%
Lullabies To Paralyze Burn The Witch
62%
Villains Fortress
62%
Songs For The Deaf Gonna Leave You
62%
Rated R Monsters In The Parasol
62%
In Times New Roman... Time & Place
62%
Self-Titled I Was a Teenage Hand Model
60%
Rated R Lightning Song
60%
In Times New Roman... Negative Space
60%
Self-Titled Walkin On The Sidewalks
60%
In Times New Roman... What The Peephole Say
60%
...Like Clockwork Fairweather Friends
58%
Era Vulgaris Run, Pig, Run
58%
Lullabies To Paralyze Tangled Up In Plaid
58%
Self-Titled (Bonus) The Bronze
58%
Rated R Better Living Through Chemistry
56%
Self-Titled How To Handle A Rope
56%
In Times New Roman... Straight Jacket Fitting
56%
Era Vulgaris Battery Acid
54%
In Times New Roman... Carnavoyeur
54%
Lullabies To Paralyze Everybody Knows That You're Insane
54%
Villains Feet Don't Fail Me
54%
Self-Titled Hispanic Impressions
54%
In Times New Roman... Made to Parade
54%
Rated R Tension Head
54%
Era Vulgaris I'm Designer
52%
Era Vulgaris Misfit Love
52%
Self-Titled You Would Know
52%
Self-Titled Give The Mule What He Wants
50%
Self-Titled (Bonus) Spiders and Vinegaroons
50%
Lullabies To Paralyze Someone's In The Wolf
48%
Villains The Evil Has Landed
48%
Self-Titled (Bonus) These Aren't The Droids You're Looking For
48%
Lullabies To Paralyze Broken Box
46%
Villains Head Like A Haunted House
46%
Rated R Quick And To The Pointless
46%
Villains Hideaway
44%
Lullabies To Paralyze I Never Came
44%
Lullabies To Paralyze Long Slow Goodbye
44%
Lullabies To Paralyze Skin On Skin
44%
Era Vulgaris Into The Hollow
42%
Lullabies To Paralyze The Blood Is Love
42%
Rated R Feel Good Hit Of The Summer (Reprise)
40%
Era Vulgaris River In The Road
40%
Villains Un-Reborn Again
40%
Era Vulgaris Suture Up Your Future
36%
Lullabies To Paralyze "You Got A Killer Scene There, Man..."
34%
No matching quizzes found
Score Distribution
Percent of People with Each Score
Percentile by Number Answered
Your Score History
You have not taken this quiz since the last reset